|
|
|
|
| LEADER |
00859nam a2200241 a 4500 |
| 001 |
14288555 |
| 008 |
091124s2008 maua b 001 0 eng d |
| 010 |
|
|
|a 2006044440
|
| 020 |
|
|
|a 9780073281483 (alk. paper)
|
| 020 |
|
|
|a 0073281484 (alk. paper)
|
| 040 |
|
|
|a DLC
|c DLC
|d DLC
|
| 082 |
0 |
0 |
|a 339
|2 22
|
| 100 |
1 |
|
|a Slavin, Stephen L.
|
| 245 |
1 |
0 |
|a Macroeconomics /
|c Stephen L. Slavin.
|
| 250 |
|
|
|a 8th ed.
|
| 260 |
|
|
|a Boston, Mass. :
|b McGraw-Hill,
|c c2008.
|
| 300 |
|
|
|a xxi, 519 p. :
|b ill. ;
|c 28 cm.
|
| 504 |
|
|
|a Includes bibliographical references and index.
|
| 541 |
1 |
|
|e 00017365
|
| 650 |
|
0 |
|a Macroeconomics.
|
| 852 |
4 |
|
|a Ayesha Abed Library
|j General Shelf
|
| 999 |
|
|
|c 5931
|d 5931
|
| 952 |
|
|
|0 0
|1 0
|2 ddc
|4 0
|6 339_SLA_200800000000000
|7 0
|9 5917
|a BRACUL
|b BRACUL
|c GEN
|d 2009-12-06
|g 200.00
|l 9
|m 86
|o 339 SLA
|p 3010017365
|r 2017-04-06
|s 2017-02-08
|t 1
|v 400.00
|w 2009-12-06
|y BK
|